000 00665nam a2200169Ia 4500
008 180921t2016 xxu||||| |||| 00| 0 sin d
041 _asin
080 _a133.52
_bMAN
100 _aManchanayake,Athula
245 _aජ්‍යොතීෂ සිද්ධාන්ත පිළිබඳ පර්යෞෂණාත්මක අත්දැකීම භිර්ගු නාඬි මූලධර්ම ඇසුරෙන්
246 _aJoththisa Siddantha Pilibada Paryeshanathmaka Athdekeema :Birgu Nadi Muladarma Easuren
260 _bAkila
_as.I.
_c2016
300 _b175p, 22cm
942 _cBK
999 _c3495
_d3495
003 LK-CoDNM
040 _aLK-CoDNM
_dLK-CoDNM
_eLK-CoDNM